000 00790nam a2200241 i 4500
001 16364
003 ES-MaACL
005 20250912063035.0
007 t|
008 000904s1992 mx ||||1| spa d
020 _a968-16-0075-4
080 _a008(8=60)
100 1 _aPicón Salas, Mariano.
_991879
245 1 0 _aDe la conquista a la independencia
_b: tres siglos de historia cultural hispanoamericana /
_cMariano Picón Salas.
250 _a2ª ed., 8ª reimp.
260 _aMéxico :
_bFondo de Cultura Económica,
_c1992.
300 _a261 p. ;
_c17 cm.
490 1 _aColección popular (Fondo de Cultura Económica) ;
_v65
_9241328
651 4 _aAmérica española-
_xCivilización.
_97720
852 _aES-MaACL
_jL-23545
942 _2udc
999 _c16364
_d16364